00921 2200205 4500001002100000005001500021035002000036008004100056245010000097100001900197250000600216260003800222300001200260084001400272082000800286650001000294520038700304990001200691990001200703INLIS00000000000130020240521095903 a0010-0524000535240521 1 ind 1 aKingpin ( Kisah Seorang Peretas Yang Mengeruk Miliaran Dolar Dari Dunia Maya ) /cKevin Poulsen aPoulsen, Kevin a1 aYogyakarta :bSheila/ Andi,c2011 a360 hlm a813 KEV k a813 4aFiksi aDibangun pada tradisi prosedural polisi yang terbaik, Kevin memaparkan dalam bahasa yang jernih teknologi dan metode yang digunakan baik oleh penjahat maupun pembasmi kejahatan, sembari menuliskan kajian karakter simpatik tentang topi abu-abu bermasalah, Max Vision, pada intinya. ?JONATHAN ZITTRAIN, PROFESOR DARI HARVARD DAN PENGARANG THE FUTURE OF THE INTERNET AND HOW TO STOP IT a0741442 a0741443